000 00966nam a22002651u 4500
001 12557
003 HDC
007 cr bn ---
008 210209p2005 my eng
040 _aHDC
100 _aSamsudin Ahmad,
_eauthor
_912813
245 0 _aDrying of oil palm fronds using laboratory and commercial dryers /
_cby Samsudin Ahmad, Furuichi Shingo and Shafie Alwi
260 _aSerdang :
_bMalaysian Agricultural Research and Development Institute (MARDI),
_c2005
300 _a1 page
336 _atext
_2rdacontent
337 _acomputer
_2rdamedia
338 _aonline resource
_2rdacarrier
650 _aAnimal feed
_95072
650 _aDrying characteristics
_913229
650 _aOil palm fronds
_913228
856 _zRequest full-text at [email protected]
942 _2lcc
942 _cAR
942 _kJART 003139
999 _c9880
_d9880